Nebezpečný svet kalórií /

Main Author: Doleček, Rajko, 1925-2017
Language: Slovak
Published: Bratislava : Šport, 1979
Edition: 1. vyd.
Series: Šport a zdravie
Physical Description: 149 s.
Book
Saved in:
LEADER 00809nam a22002772a 4500
001 001161348
003 CZ BrMZK
005 20120105080522.0
007 ta
008 110801s1979 xo er|||||||||||slo d
040 |a BOA001  |b cze 
041 1 |a slo  |h cze 
080 9 |a 613.25(0.062) 
100 1 |a Doleček, Rajko,  |d 1925-2017  |7 jk01022565  |4 aut 
245 1 0 |a Nebezpečný svet kalórií /  |c Rajko Doleček 
250 |a 1. vyd. 
260 |a Bratislava :  |b Šport,  |c 1979 
300 |a 149 s. 
490 1 |a Šport a zdravie 
500 |a Přeloženo z češtiny 
765 0 |t Nebezpečný svět kalorií  |9 Slovensky 
830 0 |a Šport a zdravie 
910 |a BOA001  |b 2-0802.125 
990 |a BK 
991 |b 201107 
996 7 |b 2619433819  |c 2-0802.125  |l MZK  |r Sklad / do 1 hodiny  |n 0  |w 001194542  |u 000010  |a 1  |e BOA001  |j MZK50  |s A